000 00556nam a2200181Ia 4500
008 240729s9999 xx 000 0 und d
022 _a2051-8730
245 0 _aMeasurement + Control
260 _aUnited Kingdom
260 _bSAGE Publishing
650 _a Control engineering systems. Automatic machinery (General) | Technology
650 _a Mechanical engineering and machinery
650 _a Technology (General)
650 _aTechnology
856 _uhttps://doaj.org/toc/c90bcc49f41d44aeaed0f88023e50e01
942 _2ddc
942 _cDOAJEJ
999 _c67716
_d67716
945 _a1
_bMadushi Gamage
_c1
_dMadushi Gamage